00486cam a22001577a 4500003000500000005001700005008004100022010001000063011001000073035001000083040000900093100002300102245009000125500009000215650002300305CHAP20220329135215.0971013s r 00010 d a32621 a33593 a37709 cCHAP00aNishiyama, Ichizo.12aA genec analysis of the grain character of oats by means of the monosomic inheritance aSobretiro de : Bull. of Research Institute for Food Science. Kyoto. (4) : 67-85, 195114aAvenaxGenética.